000 00287nam a2200121Ia 4500
005 20251222154408.0
008 251222s9999||||xx |||||||||||||| ||spa||
020 _a84-01-42228-0
082 _a868.9/L95
100 _a"Luis, Leopoldo De"
245 0 _aLos caminos cortados
942 _cLIB
999 _c35561
_d35561